Statistics for Top 100 Movies (according to Imdb) by longest Word

Click here to take the quiz!

General Stats

  • This quiz has been taken 227 times
    (191 since last reset)
  • The average score is 42 of 100

Answer Stats

#YearInitialsMovie% Correct
82003TLOTRTROTK The Lord of the Rings: The Return of the King
84%
31974TGPI The Godfather: Part II
84%
21972TG The Godfather
84%
741931M M
80%
42008TDK The Dark Knight
78%
622012TDKR The Dark Knight Rises
78%
11994TSR The Shawshank Redemption
77%
142010I Inception
76%
152002TLOTRTTT The Lord of the Rings: The Two Towers
74%
112001TLOTRTFOTR The Lord of the Rings: The Fellowship of the Ring
74%
91966TGTBATU The Good, the Bad and the Ugly
70%
131994FG Forrest Gump
69%
161975OFOTCN One Flew Over the Cuckoo's Nest
68%
71994PF Pulp Fiction
68%
101999FC Fight Club
68%
321942C Casablanca
65%
731983SWEV-ROTJ Star Wars: Episode VI - Return of the Jedi
64%
121980SWEV-TESB Star Wars: Episode V - The Empire Strikes Back
64%
201977SWEI-ANH Star Wars: Episode IV - A New Hope
64%
951921TK The Kid
64%
681984OUATIA Once Upon a Time in America
62%
519571AM 12 Angry Men
61%
631999AB American Beauty
58%
311998AHX American History X
58%
332014I Interstellar
57%
531979A Alien
53%
341960P Psycho
53%
911995TS Toy Story
53%
181999TM The Matrix
53%
832010TS3 Toy Story 3
53%
171990G Goodfellas
53%
61993SL Schindler's List
53%
411991T2JD Terminator 2: Judgment Day
51%
251995TUS The Usual Suspects
50%
671941CK Citizen Kane
50%
432006TD The Departed
49%
231991TSOTL The Silence of the Lambs
47%
241946IAWL It's a Wonderful Life
46%
301998SPR Saving Private Ryan
45%
191954SS Seven Samurai
45%
462000G Gladiator
45%
441985BTTF Back to the Future
45%
511964DSOHILTSWALTB Dr. Strangelove or: How I Learned to Stop Worrying and Love the Bomb
43%
361981ROTLA Raiders of the Lost Ark
43%
401954RW Rear Window
42%
721958V Vertigo
41%
501994TLK The Lion King
41%
591980TS The Shining
41%
651986A Aliens
39%
212002COG City of God
39%
472000M Memento
39%
221995S Se7en
38%
791971ACO A Clockwork Orange
38%
351931CL City Lights
38%
481979AN Apocalypse Now
36%
871987FMJ Full Metal Jacket
36%
8919682ASO 2001: A Space Odyssey
35%
291968OUATITW Once Upon a Time in the West
35%
582012DU Django Unchained
35%
381999TGM The Green Mile
35%
261997LIB Life Is Beautiful
34%
422002TP The Pianist
34%
492006TP The Prestige
34%
701959NBN North by Northwest
32%
841962TKAM To Kill a Mockingbird
31%
452014W Whiplash
31%
371936MT Modern Times
30%
852004ESOTSM Eternal Sunshine of the Spotless Mind
28%
282001SA Spirited Away
28%
821962LOA Lawrence of Arabia
28%
861984A Amadeus
27%
541940TGD The Great Dictator
27%
751992RD Reservoir Dogs
27%
612008WWALL·E
26%
521950SB Sunset Boulevard
26%
1001960TA The Apartment
26%
761995B Braveheart
24%
801976TD Taxi Driver
24%
971997LAC L.A. Confidential
24%
811944DI Double Indemnity
23%
571957POG Paths of Glory
22%
641997PM Princess Mononoke
22%
921952SITR Singin' in the Rain
22%
881973TS The Sting
22%
662003O Oldboy
22%
942009IB Inglourious Basterds
19%
772001A Amélie
19%
691981DB Das Boot
19%
981965FAFDM For a Few Dollars More
18%
991950R Rashomon
18%
782000RFAD Requiem for a Dream
16%
901948BT Bicycle Thieves
16%
392011TI The Intouchables
16%
932000S Snatch
16%
561988CP Cinema Paradiso
16%
271994LTP Léon: The Professional
15%
601988GOTF Grave of the Fireflies
15%
961975MPATHG Monty Python and the Holy Grail
14%
552006TLOO The Lives of Others
12%
711957WFTP Witness for the Prosecution
12%

Score Distribution

Percentile by Number Answered

Percent of People with Each Score

Your Score History

You have not taken this quiz since the last reset